<?xml version="1.0" encoding="UTF-8"?>
<record
    xmlns:xsi="http://www.w3.org/2001/XMLSchema-instance"
    xsi:schemaLocation="http://www.loc.gov/MARC21/slim http://www.loc.gov/standards/marcxml/schema/MARC21slim.xsd"
    xmlns="http://www.loc.gov/MARC21/slim">

  <leader>01712cam a2200421 i 4500</leader>
  <controlfield tag="001">xx003524854</controlfield>
  <controlfield tag="003">NUKAT</controlfield>
  <controlfield tag="005">20260429141746.0</controlfield>
  <controlfield tag="008">151008s1938    pl     g     |000 0 pol c</controlfield>
  <datafield tag="035" ind1=" " ind2=" ">
    <subfield code="a">(OCoLC)864206731</subfield>
  </datafield>
  <datafield tag="035" ind1=" " ind2=" ">
    <subfield code="a">(NUKAT)xx003524854</subfield>
  </datafield>
  <datafield tag="040" ind1=" " ind2=" ">
    <subfield code="a">KR U/RB</subfield>
    <subfield code="c">KR U/RB</subfield>
    <subfield code="d">KR U/RB</subfield>
    <subfield code="d">KR U/PAWs</subfield>
  </datafield>
  <datafield tag="041" ind1="0" ind2=" ">
    <subfield code="a">pol</subfield>
    <subfield code="b">fre</subfield>
  </datafield>
  <datafield tag="245" ind1="0" ind2="0">
    <subfield code="a">Szczeg&#xF3;&#x142;owy podzia&#x142; dorzeczy Niemna i D&#x17A;winy =</subfield>
    <subfield code="b">Registre des superficies des bassins du Niemen et de la D&#x17A;wina /</subfield>
    <subfield code="c">[oprac. Lucyna Radomska-&#x15A;widzi&#x144;ska] ; Pa&#x144;stwowa S&#x142;u&#x17C;ba Hydrograficzna w Polsce, Ministerstwo Komunikacji. Biuro Dr&#xF3;g Wodnych. Instytut Hydrograficzny.</subfield>
  </datafield>
  <datafield tag="246" ind1="3" ind2="1">
    <subfield code="a">Registre des superficies des bassins du Niemen et de la D&#x17A;wina</subfield>
  </datafield>
  <datafield tag="260" ind1=" " ind2=" ">
    <subfield code="a">Warszawa :</subfield>
    <subfield code="b">Ministerstwo Komunikacji,</subfield>
    <subfield code="c">1938</subfield>
    <subfield code="e">(Warszawa :</subfield>
    <subfield code="f">Drukarnia Pa&#x144;stwowa).</subfield>
  </datafield>
  <datafield tag="300" ind1=" " ind2=" ">
    <subfield code="a">220 s. ;</subfield>
    <subfield code="c">29 cm.</subfield>
  </datafield>
  <datafield tag="336" ind1=" " ind2=" ">
    <subfield code="a">Tekst</subfield>
    <subfield code="b">txt</subfield>
    <subfield code="2">rdacontent</subfield>
  </datafield>
  <datafield tag="337" ind1=" " ind2=" ">
    <subfield code="a">Bez urz&#x105;dzenia po&#x15B;rednicz&#x105;cego</subfield>
    <subfield code="b">n</subfield>
    <subfield code="2">rdamedia</subfield>
  </datafield>
  <datafield tag="338" ind1=" " ind2=" ">
    <subfield code="a">Wolumin</subfield>
    <subfield code="b">nc</subfield>
    <subfield code="2">rdacarrier</subfield>
  </datafield>
  <datafield tag="380" ind1=" " ind2=" ">
    <subfield code="a">Ksi&#x105;&#x17C;ki</subfield>
  </datafield>
  <datafield tag="500" ind1=" " ind2=" ">
    <subfield code="a">Nazwa aut. oprac. na s. 5.</subfield>
  </datafield>
  <datafield tag="504" ind1=" " ind2=" ">
    <subfield code="a">Bibliogr. s. 11.</subfield>
  </datafield>
  <datafield tag="546" ind1=" " ind2=" ">
    <subfield code="a">Streszcz. fr.</subfield>
  </datafield>
  <datafield tag="650" ind1=" " ind2="7">
    <subfield code="a">Dzia&#x142; wodny</subfield>
    <subfield code="2">DBN</subfield>
    <subfield code="9">40490</subfield>
  </datafield>
  <datafield tag="650" ind1=" " ind2="7">
    <subfield code="a">Zlewnie i dorzecza</subfield>
    <subfield code="2">DBN</subfield>
    <subfield code="9">40491</subfield>
  </datafield>
  <datafield tag="651" ind1=" " ind2="7">
    <subfield code="a">D&#x17A;wina (rzeka)</subfield>
    <subfield code="2">DBN</subfield>
    <subfield code="9">40492</subfield>
  </datafield>
  <datafield tag="651" ind1=" " ind2="7">
    <subfield code="a">Niemen (rzeka)</subfield>
    <subfield code="2">DBN</subfield>
    <subfield code="9">40904</subfield>
  </datafield>
  <datafield tag="651" ind1=" " ind2="7">
    <subfield code="a">Polska</subfield>
    <subfield code="2">DBN</subfield>
    <subfield code="9">35076</subfield>
  </datafield>
  <datafield tag="651" ind1=" " ind2="7">
    <subfield code="a">Niemna, Dorzecze</subfield>
    <subfield code="v">spisy geograficzne.</subfield>
    <subfield code="2">kaba</subfield>
    <subfield code="9">40493</subfield>
  </datafield>
  <datafield tag="651" ind1=" " ind2="7">
    <subfield code="a">D&#x17A;winy, Dorzecze</subfield>
    <subfield code="v">spisy geograficzne.</subfield>
    <subfield code="2">kaba</subfield>
    <subfield code="9">40494</subfield>
  </datafield>
  <datafield tag="658" ind1=" " ind2=" ">
    <subfield code="a">Geografia i nauki o Ziemi</subfield>
  </datafield>
  <datafield tag="700" ind1="1" ind2=" ">
    <subfield code="a">&#x15A;widzi&#x144;ska, Lucyna.</subfield>
    <subfield code="e">Oprac.</subfield>
    <subfield code="9">40489</subfield>
  </datafield>
  <datafield tag="710" ind1="1" ind2=" ">
    <subfield code="a">Polska.</subfield>
    <subfield code="b">Ministerstwo Komunikacji (1918-1939).</subfield>
    <subfield code="4">pbl</subfield>
    <subfield code="9">9942</subfield>
  </datafield>
  <datafield tag="942" ind1=" " ind2=" ">
    <subfield code="2">ddc</subfield>
    <subfield code="c">BK_NM</subfield>
  </datafield>
  <datafield tag="999" ind1=" " ind2=" ">
    <subfield code="c">27754</subfield>
    <subfield code="d">27754</subfield>
  </datafield>
  <datafield tag="952" ind1=" " ind2=" ">
    <subfield code="0">0</subfield>
    <subfield code="1">0</subfield>
    <subfield code="2">ddc</subfield>
    <subfield code="4">0</subfield>
    <subfield code="7">0</subfield>
    <subfield code="8">PBKH</subfield>
    <subfield code="a">BIP</subfield>
    <subfield code="b">PBKH</subfield>
    <subfield code="d">2026-04-24</subfield>
    <subfield code="e">W-52/1965</subfield>
    <subfield code="f">W</subfield>
    <subfield code="i">16263</subfield>
    <subfield code="l">0</subfield>
    <subfield code="o">16263</subfield>
    <subfield code="p">IPWK16676</subfield>
    <subfield code="r">2026-04-24 21:45:56</subfield>
    <subfield code="w">2026-04-24</subfield>
    <subfield code="y">BK_NM</subfield>
  </datafield>
</record>
